Miss Julia's school of beauty / Ann B. Ross.
Miss Julia (now Mrs. Sam Murdoch) returns from her whirlwind elopement, only to find herself roped into Hazel Marie's scheme to raise money by throwing a beauty pageant. Though it all seems a tad distasteful, it's nothing compared to the revelation that Pigeon Forge, the marriage mill across the state line that wedded Julia and Sam, might not be legitimate. And a flustered Julia can't help wondering whether she and Sam can keep up appearances before the town finds out they might be living in sin.
Record details
- ISBN: 067003388X
- ISBN: 9780670033881
- ISBN: 9780143036708
- ISBN: 014303670X
- Physical Description: 304 pages ; 22 cm
- Publisher: New York : Viking, 2005.
Search for related items by subject
| Subject: | Springer, Julia (Fictitious character) > Fiction. Beauty contests > Fiction. Married women > Fiction. North Carolina > Fiction. |
| Genre: | Cozy mystery Domestic fiction. Humorous fiction. |
Search for related items by series
Available copies
- 1 of 1 copy available at scottsboropl.
Holds
- 0 current holds with 1 total copy.
Show Only Available Copies
| Location | Call Number / Copy Notes | Barcode | Shelving Location | Status | Due Date |
|---|---|---|---|---|---|
| scottsboropl | F Ros | 32269000730963 | Adult - Fiction | Available | - |
| LDR | 00781cam a2200253 a 4500 | ||
|---|---|---|---|
| 001 | 127903 | ||
| 003 | SBPL | ||
| 005 | 20140703073304.0 | ||
| 008 | 050314s2005 nyu 000 1 eng d | ||
| 020 | . | ‡a067003388X ‡q(hardcover) | |
| 020 | . | ‡a9780670033881 ‡q(hardcover) | |
| 020 | . | ‡a9780143036708 | |
| 020 | . | ‡a014303670X | |
| 035 | . | ‡a(CONS)127903 | |
| 035 | . | ‡a(CPomAG)LMN496574 | |
| 100 | 1 | . | ‡aRoss, Ann B. : ‡eauthor |
| 245 | 1 | 0. | ‡aMiss Julia's school of beauty / ‡cAnn B. Ross. |
| 260 | . | ‡aNew York : ‡bViking, ‡c2005. | |
| 300 | . | ‡a304 pages ; ‡c22 cm | |
| 336 | . | ‡atext ‡btxt ‡2rdacontent | |
| 337 | . | ‡aunmediated ‡bn ‡2rdamedia | |
| 338 | . | ‡avolume ‡bnc ‡2rdacarrier | |
| 380 | . | ‡aFiction | |
| 490 | 1 | . | ‡aMiss Julia series ; ‡vBK 6 |
| 520 | . | ‡aMiss Julia (now Mrs. Sam Murdoch) returns from her whirlwind elopement, only to find herself roped into Hazel Marie's scheme to raise money by throwing a beauty pageant. Though it all seems a tad distasteful, it's nothing compared to the revelation that Pigeon Forge, the marriage mill across the state line that wedded Julia and Sam, might not be legitimate. And a flustered Julia can't help wondering whether she and Sam can keep up appearances before the town finds out they might be living in sin. | |
| 600 | 0. | ‡aSpringer, Julia (Fictitious character) ‡vFiction. | |
| 650 | 0. | ‡aBeauty contests ‡vFiction. | |
| 650 | 0. | ‡aMarried women ‡vFiction. | |
| 651 | 0. | ‡aNorth Carolina ‡vFiction. | |
| 655 | 7. | ‡aCozy mystery | |
| 655 | 7. | ‡aDomestic fiction. ‡2lcgft | |
| 655 | 7. | ‡aHumorous fiction. ‡2lcgft | |
| 800 | 1 | . | ‡aRoss, Ann B. ‡tMiss Julia series ; ‡vBk 6. |
| 901 | . | ‡a127903 ‡bUnknown ‡c127903 ‡tbiblio | |